Las palestras de San Francisco / (Registro nro. 45253)
[ vista simple ]
| 000 -CABECERA | |
|---|---|
| campo de control de longitud fija | 00540nam a2200145 a 4500 |
| 001 - NÚMERO DE CONTROL | |
| campo de control | 000045764 |
| 005 - FECHA Y HORA DE LA ÚLTIMA TRANSACCIÓN | |
| campo de control | 20201002052429.0 |
| 008 - DATOS DE LONGITUD FIJA--INFORMACIÓN GENERAL | |
| campo de control de longitud fija | 150511s200u dr a 000 0 spa d |
| 040 ## - FUENTE DE LA CATALOGACIÓN | |
| Centro catalogador/agencia de origen | DO-SdBNP |
| Lengua de catalogación | spa |
| Centro/agencia transcriptor | BNPHU |
| 100 1# - ENTRADA PRINCIPAL--NOMBRE DE PERSONA | |
| Nombre de persona | Rosario Peña, Lucia Angélica |
| Calificador de atribución | Argelia |
| 9 (RLIN) | 73837 |
| 245 14 - MENCIÓN DE TÍTULO | |
| Título | Las palestras de San Francisco / |
| Mención de responsabilidad, etc. | Lucia Angélica Rosario Peña. |
| 260 ## - PUBLICACIÓN, DISTRIBUCIÓN, ETC. | |
| Lugar de publicación, distribución, etc. | San Francisco de Macorís, República Dominicana, : |
| Nombre del editor, distribuidor, etc. | Impresora C&F, |
| Fecha de publicación, distribución, etc. | [200-]. |
| 300 ## - DESCRIPCIÓN FÍSICA | |
| Extensión | 51 p. ; |
| Dimensiones | 22 cm. |
| 500 ## - NOTA GENERAL | |
| Nota general | Incluye datos biografícos de la autor en la contraportada |
| Estado de retiro | Estado de pérdida | No para préstamo | Código de colección | Localización permanente | Ubicación/localización actual | Ubicación en estantería | Fecha de adquisición | Número de inventario | Total de préstamos | Signatura topográfica completa | Código de barras | Fecha visto por última vez | Número de copia | Precio válido a partir de | Tipo de ítem Koha |
|---|---|---|---|---|---|---|---|---|---|---|---|---|---|---|---|
| Excluido de préstamo | Dominicana de Servicio | General | General | Depósito | 11.05.2015 | LF1 | 45764-30 | 25.06.2020 | e. 3 | 25.06.2020 | Libro y Folleto Colección Dominicana de Servicio | ||||
| Excluido de préstamo | Dominicana de Servicio | General | General | Depósito | 11.05.2015 | LF1 | 45764-40 | 25.06.2020 | e. 4 | 25.06.2020 | Libro y Folleto Colección Dominicana de Servicio | ||||
| Excluido de préstamo | Dominicana de Servicio | General | General | Depósito | 11.05.2015 | LF1 | 45764-50 | 25.06.2020 | e. 5 | 25.06.2020 | Libro y Folleto Colección Dominicana de Servicio | ||||
| Excluido de préstamo | Patrimonio Dominicano | Patrimonio Dominicano | Patrimonio Dominicano | Depósito | 11.05.2015 | LF1 | 45764-10 | 25.06.2020 | 25.06.2020 | Libro y Folleto Colección Patrimonio Dominicano | |||||
| Excluido de préstamo | Patrimonio Dominicano | Patrimonio Dominicano | Patrimonio Dominicano | Depósito | 11.05.2015 | LF1 | 45764-20 | 25.06.2020 | e. 2 | 25.06.2020 | Libro y Folleto Colección Patrimonio Dominicano |
